Pays avec du bleu sur leur drapeau - Mort Subite - Statistiques

Statistiques générales
  • Ce quiz a été pris 121 fois
  • Le résultat moyen est 13 sur 17
Answers on the Grid
Answers color-coded by a green-red scale on the quiz's grid according to % correct below.
Belgique
France
Thaïlande
Indonésie
Estonie
États-Unis
Zambie
Albanie
Grèce
Argentine
Mexique
Espagne
Finlande
Pakistan
Inde
Chine
Philippines
République Démocratique du Congo
Algérie
Serbie
Mongolie
Chili
Égypte
Pays-Bas
Maroc
Kenya
Botswana
Ukraine
Pologne
Bolivie
Nouvelle-Zélande
Autriche
 
Statistiques - réponses
Réponse % Correct
France
100%
États-Unis
95%
Grèce
94%
Argentine
93%
Finlande
90%
Estonie
85%
Pays-Bas
82%
Thaïlande
82%
Ukraine
82%
Nouvelle-Zélande
79%
Serbie
79%
République Démocratique du Congo
74%
Chili
70%
Botswana
64%
Philippines
62%
Mongolie
49%
Inde
22%
Aucun quiz correspondant
Distribution des résultats
% des personnes avec chaque résultat
Percentile par nombre de réponses
Votre historique - résultats
Vous n’avez pas pris ce quiz